Estrategia y práctica profesional procesal de familia
محفوظ في:
| المؤلف الرئيسي: | |
|---|---|
| التنسيق: | غير معروف |
| اللغة: | الإنجليزية |
| منشور في: |
Santiago, Chile
Thomson Reuters
2020
|
| الطبعة: | 3a. Edición actualizada |
| الموضوعات: | |
| الوسوم: |
إضافة وسم
لا توجد وسوم, كن أول من يضع وسما على هذه التسجيلة!
|
MARC
| LEADER | 00000 a2200000 4500 | ||
|---|---|---|---|
| 003 | CL-VaPUC | ||
| 005 | 20210511001436.0 | ||
| 008 | 210107b ||||| |||| 00| 0 eng d | ||
| 999 | |c 432491 |d 432489 | ||
| 020 | |a 978-956-400-148-7 | ||
| 040 | |c Pontificia Universidad Católica de Valparaíso | ||
| 082 | |a 346.016 BLA 2020 | ||
| 100 | 1 | |a Blazevic Quiroz, Vesna |e actualizadora |9 859313 | |
| 245 | |a Estrategia y práctica profesional procesal de familia | ||
| 250 | |a 3a. Edición actualizada | ||
| 260 | |a Santiago, Chile |b Thomson Reuters |c 2020 | ||
| 300 | |a 797 páginas | ||
| 583 | |k Cristina Rojas |c 20210107 | ||
| 650 | 0 | |9 255603 |a Derecho de familia | |
| 650 | 0 | |a Derecho procesal penal |9 255496 | |
| 852 | |a BIBCUR | ||
| 942 | |2 ddc |c BK | ||
| 952 | |0 0 |1 0 |2 ddc |4 0 |6 346_016000000000000_BLA_2020 |7 0 |8 F |9 577438 |a BIBDER |b BIBDER |d 2021-01-06 |e 31 |g 0.00 |i 5581877 |o 346.016 BLA 2020 |p 5581877 |r 2023-01-25 |t 1 |v 0.00 |w 2021-01-06 |y BK |k DER | ||